Meditaciones sobre los Ejercicios de San Ignacio /

Meditaciones que son de ayuda para los ejercicios ignacianos, escritas por el jesuita, teólogo y filósofo alemán Karl Rahner (1904-1984), no se ofrecen cualquier tipo de meditaciones piadosas sino que pretenden dejar hablar a libro mismo de los ejercicios.

Gardado en:
Detalles Bibliográficos
Autor Principal: Rahner, Karl (autor)
Formato: Libro
Idioma:Lingua castelá
Publicado: Barcelona, España : Herder, 1971, c1971
Temas:
Etiquetas: Engadir etiqueta
Sen Etiquetas, Sexa o primeiro en etiquetar este rexistro!

MARC

LEADER 00000nam^a2200000^a^4500
001 000185315
005 20250521000000.0
009 20260310102147.905
037 |a Acervo ITESO - Biblioteca 
041 |a ESP 
082 |a 255. 53  |b RAH 
100 |a Rahner, Karl  |e (autor) 
240 1 1 |a [Meditaciones sobre los Ejercicios de San Ignacio] 
245 1 0 |a Meditaciones sobre los Ejercicios de San Ignacio /  |c K. Rahner ; tr. por J. Blajot. 
264 4 |a Barcelona, España :  |b Herder,  |c 1971, c1971 
300 |a 273 p. 
336 |a texto  |b txt  |2 rdacontenido 
337 |a sin mediación  |b n  |2 rdamedio 
338 |a volumen  |b nc  |2 rdasoporte 
500 |a Traducción de: Betrachtungen zum ignatianischen Exerzitienbuch 
520 |a Meditaciones que son de ayuda para los ejercicios ignacianos, escritas por el jesuita, teólogo y filósofo alemán Karl Rahner (1904-1984), no se ofrecen cualquier tipo de meditaciones piadosas sino que pretenden dejar hablar a libro mismo de los ejercicios. 
649 |a XX 
650 |a Ejercicios Ignacianos 
650 |a Ejercicios Espirituales 
650 |a Meditación 
650 |a Vida Espiritual 
650 |a Cristianismo 
650 |a Religión 
910 |a Fondo General 
920 |a Impresos - Libros 
930 |a Colección General 
905 |a 101 
901 |a 0500126726  |b IT1  |c ACC  |u 20250521 
902 |a https://opac.biblio.iteso.mx/vufind/Record/000185315